Statistics for Countries That Produce The Most Knit Gloves

Click here to take the quiz!

General Stats

  • This quiz has been taken 33 times
  • The average score is 10 of 20

Answer Stats

% Of Total ProducedCountry% Correct
52.5%China
97%
1.00%United States
97%
2.73%Germany
76%
0.75%India
76%
0.71%United Kingdom
72%
1.66%France
69%
0.77%Sweden
69%
0.58%Myanmar/Italy
62%
0.70%Bangladesh
55%
1.94%Indonesia
52%
4.41%Pakistan
52%
1.38%Netherlands
45%
2.39%South Korea
45%
3.55%Belgium
38%
5.20%Vietnam
38%
2.80%Malaysia
31%
0.86%Cambodia
21%
0.61%Portugal
21%
0.63%Czech Republic
17%
7.68%Sri Lanka
17%

Score Distribution

Percentile by Number Answered

Percent of People with Each Score

Your Score History

You have not taken this quiz